C# essentials (Record no. 5982)

000 -LEADER
fixed length control field 00469 a2200169 4500
020 ## - INTERNATIONAL STANDARD BOOK NUMBER
International Standard Book Number 8120321502
040 ## - CATALOGING SOURCE
Original cataloging agency DLC
Language of cataloging English
082 ## - DEWEY DECIMAL CLASSIFICATION NUMBER
Classification number 005.133
100 ## - MAIN ENTRY--PERSONAL NAME
Personal name Pappas, Chris H.
245 ## - TITLE STATEMENT
Title C# essentials
Statement of responsibility, etc. Chris HPappas
Medium Book
260 ## - PUBLICATION, DISTRIBUTION, ETC.
Place of publication, distribution, etc. New Delhi, India :
Name of publisher, distributor, etc. Prentice Hall
Date of publication, distribution, etc. c2002.
300 ## - PHYSICAL DESCRIPTION
Extent xviii, 388 p. :
Other physical details ill.
Dimensions 24 cm.
500 ## - GENERAL NOTE
General note Includes Index
650 ## - SUBJECT ADDED ENTRY--TOPICAL TERM
Topical term or geographic name entry element C# (computer program language)
700 ## - ADDED ENTRY--PERSONAL NAME
Personal name William H.Murray
942 ## - ADDED ENTRY ELEMENTS (KOHA)
Koha item type Book
Call number prefix 005.133 PAP
Source of classification or shelving scheme
Holdings
Withdrawn status Lost status Damaged status Not for loan Collection code Permanent Location Current Location Shelving location Date acquired Source of acquisition Cost, normal purchase price Total Checkouts Total Renewals Full call number Barcode Date last seen Date last checked out Price effective from Koha item type
          Central Library (CL) Central Library (CL) First Floor - Software Engineering/ Programming Language 03/26/2003 Allied Book Company 220.47 2 4 005.133 PAP SEECS003214 06/26/2021 11/18/2020 01/05/2017 Book
          Central Library (CL) Central Library (CL) First Floor - Software Engineering/ Programming Language 03/26/2003 Allied Book Company 220.47     005.133 PAP SEECS003215 11/14/2012   01/05/2017 Book
© 2023 Central Library, National University of Sciences and Technology. All Rights Reserved.